000 01128nam a22002777a 4500
001 BR8108999
003 BR-BrBNA
005 20230928091217.0
007 ta
008 230509b bl.||||| |||| 00| 0 por d
040 _aBR-BrBNA
_bpor
_cBiblioteca Nacional de Agricultura
041 _a(Por)
072 _aC20
_b/G514
090 _ C20 BR8108999
110 1 _aAssociacao de Credito e Assistencia Rural de Santa Catarina, Florianopolis (Brasil);
110 1 _aEmpresa de Assistencia Tecnica e Extensao Rural do Estado de Santa Catarina, Florianopolis (Brasil)
_94031
111 1 _a1. Seminario Regional de Juventude Rural 4-S
_cSao Miguel D'Oeste, SC (Brazil)
_d28-29 Nov 1981
245 1 _aDocumento final do 1. Seminario Regional de Juventude Rural [extensao rural, Santa Catarina, Brasil]
260 3 _aFlorianopolis, SC (Brasil):
_c1981.
300 _avp.
500 _a[ca. 60]p. (*) Documento disponível na(o) Associacao de Credito e Assistencia Rural de Santa Catarina, Florianopolis (Brazil)
650 _aEXTENSAO RURAL
650 _aSANTA CATARINA
909 _a202309
_bLucia
_c55
_dLucia Elande
942 _cBK
999 _c32859
_d32859